000 00744nam a2200205 i 4500
001 70201
003 ES-MaACL
005 20251121165510.0
007 t|
008 040720s1909 sp ||||1| spa d
100 1 _aGarcía de Polavieja y del Castillo, Camilo.
_954486
245 1 0 _aHernán Cortés
_b: (estudio de un carácter) /
_cpor el Teniente General Marqués de Polavieja.
260 _aToledo :
_bViuda e Hijos de J. Pelèz,
_c1909.
300 _a174 p. ;
_c22 cm.
500 _a"Conferencia leida en el Centro del Ejercito y la Armada"
600 1 4 _aCortés, Hernán,
_d1485-1547
_940853
651 4 _aMéxico-
_xHistoria-
_y1517-1521, Descubrimiento y conquista.
_9136484
852 _aES-MaACL
_jF-4405
999 _c70201
_d70201